000 01019nas a2200289 4500
001 BR8001756
003 BR-BrBNA
005 20231205084244.0
007 ta
008 230509b bl.|||p| |||| 00| 00por d
040 _aBR-BrBNA
_bpor
_cBiblioteca Nacional de Agricultura
041 _a(Pt)
072 _aF00
100 1 _aCosta, N.M. de S.
100 1 _aCurado, T. de F.C.
245 1 _aLeguminosas para pastagens cultivadas em Minas Gerais [Soja perene; Glycine wightii; Stilosante; Stylosanthes guianensis; Centrosema; Centrosema pubescens; Siratro; Macroptilium atropurpureum; Brasil]
650 _aProducao vegetal
650 _aSoja perene
650 _aStilosante
650 _aCentrosema
650 _aSiratro
650 _aPratica cultural
650 _aMinas Gerais
773 0 _tInforme Agropecuario - Empresa de Pesquisa Agropecuaria de Minas Gerais (Brazil)
_xISSN 0100-3364
_g(Nov 1980), v. 6(71) p. 18-30
_wBR8001756
909 _a202311
_bLúcia
_c55
_dLúcia Elande
942 _2AGRIS
_n0
_cANA
999 _c104069
_d104069